[Event "Gibraltar Masters 2020"]
[Site "Caleta ENG"]
[Date "2020.01.27"]
[Round "7.62"]
[White "Antova, Gabriela"]
[Black "Bulmaga, Irina"]
[Result "0-1"]
[WhiteTitle "FM"]
[BlackTitle "IM"]
[WhiteElo "2295"]
[BlackElo "2446"]
[WhiteFideId "2915235"]
[BlackFideId "13903063"]
[EventDate "2020.01.21"]

1. d4 Nf6 2. c4 e6 3. Nf3 b6 4. a3 Bb7 5. Nc3 g6 6. d5 Bg7 7. g3 exd5 8. cxd5
O-O 9. Bg2 c5 10. O-O d6 11. Nd2 Na6 12. Nc4 Nc7 13. Bf4 Nce8 14. Nb5 Ba6 15.
Qa4 Bxb5 16. Qxb5 Nh5 17. Bd2 f5 18. a4 Rb8 19. a5 Nc7 20. Qc6 b5 21. Nxd6 Rf6
22. Nb7 Rxc6 23. Nxd8 Rxd8 24. dxc6 Rxd2 25. Rad1 Rxd1 26. Rxd1 Nf6 27. e4 fxe4
28. Rd8+ Kf7 29. Rc8 Nfe8 30. b3 Bc3 31. Bxe4 Bxa5 32. Rd8 Ke6 33. f4 c4 34.
bxc4 bxc4 35. h4 c3 36. h5 Nd6 37. hxg6 hxg6 38. Bxg6 Nf5 39. g4 Ne3 40. g5 Nf5
41. Rf8 c2 42. Bxf5+ Ke7 43. Bxc2 Kxf8 44. f5 Bd2 45. g6 Bc3 46. Kf2 Ke7 47. Be4
Kd6 48. Ke3 Bf6 49. Kd3 Kc5 50. Kc2 Kb4 51. Kb1 Kc3 52. Ka2 Kc4 53. Bf3 Kd4 54.
Kb3 Ke5 55. Bg4 Kd6 56. Bf3 Nb5 57. Be4 Kc7 58. Kb4 Kb6 59. Bd3 Nd6 60. c7 Kxc7
61. Kc5 Kd7 62. Bc2 Bg7 63. Ba4+ Ke7 64. Bc2 Bf8 65. Kc6 Kf6 66. Kc7 Nxf5 67.
Kb7 Nd4 68. Kxa7 Nxc2 69. Kb7 Bg7 70. Kc6 Ke6 71. Kc5 Nd4 72. Kb6 Kd6 73. Kb7
Be5 74. Kb6 Bf6 75. Kb7 Nc6 76. Kb6 Ne7 77. Kb5 Nxg6 78. Kc4 Kc6 79. Kd3 Kd5 80.
Ke3 Bg5+ 81. Kf3 Ne5+ 82. Kg3 Ke4 83. Kg2 Nc4 84. Kf2 Bh4+ 85. Kg2 Kf4 86. Kh3
Bg3 87. Kg2 Nd2 88. Kh3 Ne4 89. Kg2 Nf2 90. Kg1 Kf3 91. Kf1 Bh2 92. Ke1 Ne4 93.
Kd1 Ke3 94. Kc2 Nd2 95. Kc3 Bd6 96. Kc2 Bb4 97. Kd1 Kd3 98. Ke1 Bc5 99. Kd1 Bf2
100. Kc1 Nc4 101. Kd1 Nb2+ 102. Kc1 Kc3 103. Kb1 Be3 104. Ka2 Nc4 105. Kb1 Kb3 0-1

[Event "Gibraltar Masters 2020"]
[Site "Caleta ENG"]
[Date "2020.01.27"]
[Round "7.63"]
[White "Kobo, Ori"]
[Black "Garrido Outon, Alex"]
[Result "1-0"]
[WhiteTitle "GM"]
[WhiteElo "2445"]
[BlackElo "2287"]
[WhiteFideId "2812320"]
[BlackFideId "24516279"]
[EventDate "2020.01.21"]

1. Nf3 Nf6 2. g3 d5 3. Bg2 Bf5 4. O-O e6 5. d3 h6 6. c4 c6 7. cxd5 exd5 8. Nc3
Be7 9. Qb3 Qb6 10. Qc2 O-O 11. e4 dxe4 12. dxe4 Bh7 13. Be3 Qa6 14. Rfd1 Nbd7
15. a3 Rad8 16. h3 Bc5 17. Nd4 Bxd4 18. Rxd4 Nb6 19. Rad1 Rxd4 20. Bxd4 Nfd7 21.
f4 Qa5 22. Qf2 Kh8 23. e5 Re8 24. Kh2 Nf8 25. Bc5 Nbd7 26. Bb4 Qb6 27. Qxb6 Nxb6
28. g4 Kg8 29. Kg3 Nbd7 30. Ne4 Bxe4 31. Bxe4 g5 32. Bxf8 Nxf8 33. Bf5 Re7 34.
Rd6 Kg7 35. Kf3 gxf4 36. Kxf4 c5 37. h4 Re8 38. h5 Re7 39. g5 hxg5+ 40. Kxg5 Re8
41. h6+ Kg8 42. Kf6 b5 43. Rd1 Nh7+ 44. Bxh7+ Kxh7 45. Rd7 1-0

[Event "Gibraltar Masters 2020"]
[Site "Caleta ENG"]
[Date "2020.01.27"]
[Round "7.64"]
[White "Ladron De Guevara Pinto, Paolo"]
[Black "Rangel, Daniel"]
[Result "1-0"]
[WhiteTitle "IM"]
[BlackTitle "FM"]
[WhiteElo "2445"]
[BlackElo "2269"]
[WhiteFideId "2290847"]
[BlackFideId "2124475"]
[EventDate "2020.01.21"]

1. Nf3 d5 2. d4 Nf6 3. e3 g6 4. c4 c6 5. Be2 Bg7 6. O-O O-O 7. Nc3 Bg4 8. Qb3
Qb6 9. Qa3 e6 10. cxd5 exd5 11. h3 Bxf3 12. Bxf3 Re8 13. Rb1 Bf8 14. b4 a5 15.
Qa4 Nbd7 16. bxa5 Qc7 17. Qc2 Rxa5 18. Bd2 Qc8 19. a4 Ra7 20. Rb3 Qa8 21. Rfb1
Be7 22. g4 h6 23. Bg2 Kg7 24. f3 b6 25. e4 dxe4 26. fxe4 Qd8 27. Rf1 Nf8 28. Be3
Ne6 29. Qf2 Rf8 30. Rbb1 Nxd4 31. Bxd4 Qxd4 32. Qxd4 Bc5 33. Qxc5 1-0

[Event "Gibraltar Masters 2020"]
[Site "Caleta ENG"]
[Date "2020.01.27"]
[Round "7.65"]
[White "Murzin, Volodar"]
[Black "Csiki, Endre"]
[Result "1-0"]
[WhiteTitle "IM"]
[BlackTitle "FM"]
[WhiteElo "2442"]
[BlackElo "2263"]
[WhiteFideId "44155573"]
[BlackFideId "775126"]
[EventDate "2020.01.21"]

1. d4 Nf6 2. Nf3 g6 3. Bg5 Bg7 4. Nbd2 O-O 5. c3 d6 6. e3 Nbd7 7. Be2 c5 8. O-O
b6 9. h3 Bb7 10. Qc2 Rc8 11. Rfe1 h6 12. Bf4 Qc7 13. Bh2 Qb8 14. Qa4 Bc6 15. Bb5
Bxb5 16. Qxb5 Qb7 17. Qd3 cxd4 18. exd4 Rfe8 19. Re2 Nf8 20. Rae1 Qd7 21. a4
Qxa4 22. Rxe7 Rxe7 23. Rxe7 d5 24. Re1 Re8 25. Rxe8 Nxe8 26. Qb1 Nf6 27. Nf1 Ne6
28. Ne3 Qb3 29. Qc2 Qxc2 30. Nxc2 a5 31. Ne3 Nf8 32. Bc7 N8d7 33. Ne5 Nxe5 34.
Bxe5 b5 35. Bxf6 Bxf6 36. Nxd5 Bd8 37. Kf1 f5 38. Ke2 Kf7 39. Kd3 g5 40. g4 fxg4
41. hxg4 Ke6 42. Ne3 a4 43. Nf5 h5 44. Ng7+ Kd5 45. gxh5 Bf6 46. Nf5 1-0

[Event "Gibraltar Masters 2020"]
[Site "Caleta ENG"]
[Date "2020.01.27"]
[Round "7.66"]
[White "Low, Zhen Yu Cyrus"]
[Black "Alboredo, Julia"]
[Result "1-0"]
[WhiteTitle "IM"]
[BlackTitle "WFM"]
[WhiteElo "2415"]
[BlackElo "2190"]
[WhiteFideId "5804175"]
[BlackFideId "2124807"]
[EventDate "2020.01.21"]

1. e4 c5 2. Nf3 Nc6 3. d4 cxd4 4. Nxd4 Nf6 5. Nc3 d6 6. Bg5 e6 7. Qd2 a6 8.
O-O-O Bd7 9. f4 Be7 10. Nf3 b5 11. a3 h6 12. Bh4 Qa5 13. Kb1 Rd8 14. e5 dxe5 15.
fxe5 Bc8 16. Bd3 Nd5 17. Nxd5 Qxd2 18. Nc7+ Kd7 19. Rxd2 Kxc7 20. Bg3 Bb7 21.
Rf1 Bc5 22. Rdd1 Rd7 23. Nd2 Bd4 24. Rde1 Rf8 25. Ne4 Na5 26. Re2 Bd5 27. Nd6
Nb7 28. Rf4 Bc5 29. Ne4 Bb6 30. Rg4 Bxe4 31. Bxe4 g6 32. Rh4 h5 33. Rf4 Rfd8 34.
c3 Na5 35. Bh4 Rg8 36. Bg5 Nc4 37. Bc2 Kb7 38. Rf1 Bc7 39. Rfe1 Ka7 40. Bc1 Rgd8
41. b3 Nb6 42. Be3 Kb8 43. Rf2 Nd5 44. Bd4 Bb6 45. Bxb6 Nxb6 46. Ref1 Rc8 47.
Rxf7 Rxc3 48. R1f2 Re3 49. Bxg6 Rxe5 50. Kc2 Rc5+ 51. Kb2 Rxf7 52. Rxf7 Rg5 53.
Be4 Nd5 54. Bf3 Ne3 55. Kc3 a5 56. h4 Rg3 57. Kd4 Nxg2 58. Kc5 Nxh4 59. Bc6 Nf5
60. Kb6 Nd6 61. Rd7 Rd3 62. Kxa5 h4 63. Kb4 h3 64. Rh7 e5 65. a4 bxa4 66. bxa4
Rd4+ 67. Kc5 Ne4+ 68. Kb6 Rb4+ 69. Bb5 Nd6 70. Rxh3 Rb2 71. Rh6 Nc8+ 72. Ka6 Rc2
73. Rf6 Na7 74. Rb6+ Ka8 75. Bd3 Rc6 76. Be4 1-0

[Event "Gibraltar Masters 2020"]
[Site "Caleta ENG"]
[Date "2020.01.27"]
[Round "7.67"]
[White "Percivaldi, Martin"]
[Black "Janzelj, Lara"]
[Result "1-0"]
[WhiteTitle "IM"]
[BlackTitle "WIM"]
[WhiteElo "2403"]
[BlackElo "2195"]
[WhiteFideId "1508148"]
[BlackFideId "14608391"]
[EventDate "2020.01.21"]

1. Nf3 d5 2. g3 Nf6 3. Bg2 c6 4. O-O Bg4 5. h3 Bh5 6. d3 Nbd7 7. Nbd2 e5 8. e4
dxe4 9. dxe4 Bc5 10. Qe1 O-O 11. Nh4 Re8 12. Nb3 Bb6 13. a4 Bg6 14. a5 Bc7 15.
Nxg6 hxg6 16. Be3 Qe7 17. Qc3 Bd6 18. Rfd1 Rec8 19. Qc4 Ne8 20. h4 Rc7 21. Bh3
Nf8 22. Kg2 c5 23. Bg5 Nf6 24. Nc1 N8h7 25. Be3 Rb8 26. Ne2 Nh5 27. Nc3 Rc6 28.
f3 g5 29. hxg5 Nf4+ 30. gxf4 exf4 31. Bf2 Qxg5+ 32. Kf1 Qh6 33. Bd7 Rc7 34. Bf5
Ng5 35. Ke2 Re8 36. Nd5 Qh5 37. Bg4 Qg6 38. Nxc7 Bxc7 39. Qb5 Re7 40. Qxb7 1-0

[Event "Gibraltar Masters 2020"]
[Site "Caleta ENG"]
[Date "2020.01.27"]
[Round "7.68"]
[White "Gschnitzer, Adrian"]
[Black "Chigaeva, Anastasia"]
[Result "1-0"]
[WhiteTitle "FM"]
[BlackTitle "WFM"]
[WhiteElo "2388"]
[BlackElo "2156"]
[WhiteFideId "1270337"]
[BlackFideId "24131008"]
[EventDate "2020.01.21"]

1. c4 c6 2. e4 d5 3. exd5 cxd5 4. d4 Nf6 5. Nc3 e6 6. Nf3 Nc6 7. a3 Be7 8. cxd5
Nxd5 9. Bd3 Bf6 10. O-O O-O 11. Re1 a6 12. Bc2 b5 13. Nxd5 exd5 14. Bxh7+ Kxh7
15. Qc2+ Kg8 16. Qxc6 Bf5 17. Bf4 Qd7 18. Qxd7 Bxd7 19. Be5 Bd8 20. Bd6 Re8 21.
Rxe8+ Bxe8 22. Rc1 Bd7 23. Kf1 f6 24. h3 Kf7 25. Ne1 Bf5 26. g4 Bg6 27. f3 Bb6
28. Bc5 Bc7 29. Ng2 Re8 30. Rc3 Ba5 31. Re3 Rxe3 32. Nxe3 Bd3+ 33. Kf2 Ke6 34.
Ng2 Bd2 35. Bb4 Bc1 36. b3 g5 37. Ne1 Bg6 38. Ke2 Bb2 39. Bc5 Bc3 40. Nd3 Bxd3+
41. Kxd3 Be1 42. Bb4 Bg3 43. Bd2 Bd6 44. f4 Be7 45. a4 Kf7 46. axb5 axb5 47. Ba5
gxf4 48. h4 f5 49. g5 Kg6 50. Bc7 Bb4 51. Ke2 Bc3 52. Kf3 Be1 53. Kxf4 Bxh4 54.
Bd8 Bf2 55. Ke5 Be3 56. Kxd5 Bxg5 57. Bxg5 Kxg5 58. Kc6 f4 59. d5 f3 60. d6 f2
61. d7 f1=Q 62. d8=Q+ Kg6 63. Qg8+ Kh6 64. Qd5 Qe2 65. Qxb5 Qe8+ 66. Kb6 Qd8+
67. Ka7 Qc7+ 68. Qb7 Qc3 69. b4 Kg5 70. Qd5+ Kg4 71. b5 Qa1+ 72. Kb8 Qh8+ 73.
Kc7 Qc3+ 74. Kd6 Qa3+ 75. Qc5 Qd3+ 76. Kc7 Qh7+ 77. Kb8 Kh4 78. Qd4+ Kg3 79.
Qc3+ Kf2 80. Qf6+ Ke1 81. Qa1+ Ke2 82. b6 Qg8+ 83. Ka7 Qf7+ 84. b7 Qd7 85. Qe5+
Kd1 86. Kb6 Qd8+ 87. Kc6 1-0

[Event "Gibraltar Masters 2020"]
[Site "Caleta ENG"]
[Date "2020.01.27"]
[Round "7.69"]
[White "Sigeman, Johan"]
[Black "Soumya, Swaminathan"]
[Result "0-1"]
[BlackTitle "WGM"]
[WhiteElo "2119"]
[BlackElo "2384"]
[WhiteFideId "1705601"]
[BlackFideId "5016193"]
[EventDate "2020.01.21"]

1. c4 e6 2. Nc3 d5 3. d4 c6 4. Nf3 Nf6 5. e3 Nbd7 6. Be2 Bd6 7. Qc2 O-O 8. O-O
dxc4 9. Bxc4 b5 10. Bd3 Bb7 11. Bd2 a6 12. Rad1 Rc8 13. e4 e5 14. Ne2 c5 15.
dxe5 Bxe5 16. Qb1 Bb8 17. Ng3 Re8 18. Rfe1 Qb6 19. Bg5 h6 20. Bc1 Rcd8 21. b3
Ne5 22. Nxe5 Bxe5 23. Qc2 Bxg3 24. hxg3 Bxe4 25. Bxe4 Rxd1 26. Rxd1 Nxe4 27. Re1
Qc6 28. Kh2 Re6 29. Rd1 Rd6 30. Re1 Re6 31. Rd1 Nf6 32. Bb2 Ng4+ 33. Kg1 Qe4 34.
Qc3 f6 35. Rf1 c4 36. bxc4 bxc4 37. Bc1 Qd5 38. f3 Qc5+ 0-1

[Event "Gibraltar Masters 2020"]
[Site "Caleta ENG"]
[Date "2020.01.27"]
[Round "7.70"]
[White "Represa Perez, Mireya"]
[Black "Trent, Lawrence"]
[Result "0-1"]
[WhiteTitle "WFM"]
[BlackTitle "IM"]
[WhiteElo "2081"]
[BlackElo "2383"]
[WhiteFideId "32010036"]
[BlackFideId "408638"]
[EventDate "2020.01.21"]

1. e4 c6 2. Nc3 d5 3. Nf3 a6 4. d4 Bg4 5. h3 Bxf3 6. Qxf3 e6 7. Bd3 dxe4 8. Qxe4
Nf6 9. Qh4 Nbd7 10. Bg5 Be7 11. O-O Qc7 12. Rfe1 h6 13. Ne4 Nxe4 14. Bxe7 Ndf6
15. Bxe4 Kxe7 16. c4 g5 17. Qg3 Qxg3 18. fxg3 Rad8 19. Rad1 Rd7 20. Rd3 Rhd8 21.
Rb3 Nxe4 22. Rxe4 b5 23. cxb5 axb5 24. Rc3 Rxd4 25. Rxd4 Rxd4 26. Rxc6 Rd1+ 27.
Kh2 Rd2 28. b4 Rxa2 29. Rc5 f5 30. Kg1 Rb2 31. Rxb5 Kd6 32. Rb8 Kd5 33. Rh8 Rxb4
34. Rxh6 g4 35. h4 Rb1+ 36. Kf2 Rb2+ 37. Kg1 Rb1+ 38. Kf2 Ke5 39. Rg6 Rh1 40.
Rh6 Kd5 41. Rf6 Kd6 42. Rh6 Ra1 43. Rg6 Kd5 44. Rf6 Ra8 45. h5 Rh8 46. h6 Kd6
47. Rg6 Ke7 48. Ke3 Kf7 49. Rg7+ Kf6 50. Ra7 Rxh6 51. Ra5 Rh1 52. Rb5 Ra1 53.
Kf2 Ra2+ 54. Kf1 Rc2 55. Ra5 Ke7 56. Ra6 Kd7 57. Rb6 Rc6 58. Rb5 Kd6 59. Ke2 Rc5
60. Rb2 Ke5 61. Ra2 Rb5 62. Kf2 Rb4 63. Ke3 Rb3+ 64. Kf2 Rd3 65. Ra5+ Rd5 66.
Ra2 Rd4 67. Ke3 Re4+ 68. Kf2 Rc4 69. Ke3 Rc3+ 70. Kf2 Kd4 71. Rd2+ Rd3 72. Ra2
e5 73. Ra4+ Kd5 74. Ra5+ Ke4 75. Ra2 Rb3 76. Re2+ Kd4 77. Rd2+ Kc4 78. Ra2 Kd3
79. Ke1 e4 80. Rd2+ Ke3 81. Re2+ Kd4 82. Kf2 e3+ 83. Kg1 Kd3 84. Re1 Rb2 85. Ra1
Kd2 86. Kf1 f4 87. gxf4 g3 88. Re1 Rb4 89. Re2+ Kd3 90. f5 Rh4 91. Kg1 Kxe2 92.
f6 Ra4 0-1

[Event "Gibraltar Masters 2020"]
[Site "Caleta ENG"]
[Date "2020.01.27"]
[Round "7.71"]
[White "Paehtz, Elisabeth"]
[Black "Gomez Anadon, Daniel"]
[Result "1/2-1/2"]
[WhiteTitle "IM"]
[BlackTitle "FM"]
[WhiteElo "2467"]
[BlackElo "2276"]
[WhiteFideId "4641833"]
[BlackFideId "2218151"]
[EventDate "2020.01.21"]

1. e4 c5 2. Nf3 d6 3. d4 Nf6 4. Nc3 cxd4 5. Nxd4 a6 6. Nb3 g6 7. Be2 Bg7 8. O-O
O-O 9. Re1 Nc6 10. Bf1 b5 11. Bg5 Nd7 12. Qc1 Re8 13. a4 bxa4 14. Nxa4 Nb6 15.
Nc3 Nb4 16. Qd2 Be6 17. Nd1 Nc6 18. Rxa6 Rxa6 19. Bxa6 Qc7 20. Nc1 Bc4 21. Bxc4
Nxc4 22. Qd3 Nb4 23. Qb3 Rb8 24. Rf1 Nxb2 25. Ne3 h6 26. Bh4 e6 27. Bg3 N4d3 28.
Qa3 Ne5 29. Bxe5 Bxe5 30. Nd3 Bd4 31. Nxb2 Rxb2 32. c3 Qxc3 33. Qa8+ Kg7 34. Nd1
Qc2 35. Nxb2 Qxb2 36. Qa4 Qd2 37. Qb3 Qe2 38. Qb4 Bc5 39. Qc3+ e5 40. Qe1 Qd3
41. Kh1 h5 42. f3 Qc2 43. Qb1 Qd2 44. Rd1 Qf2 45. Qd3 h4 46. Rf1 Qe3 47. Qxe3
Bxe3 48. Rd1 Bc5 49. h3 f5 50. Kh2 f4 51. Rd5 1/2-1/2

[Event "Gibraltar Masters 2020"]
[Site "Caleta ENG"]
[Date "2020.01.27"]
[Round "7.72"]
[White "Sowray, Peter J"]
[Black "Kovacevic, Blazimir"]
[Result "1/2-1/2"]
[WhiteTitle "FM"]
[BlackTitle "GM"]
[WhiteElo "2272"]
[BlackElo "2451"]
[WhiteFideId "400971"]
[BlackFideId "14502712"]
[EventDate "2020.01.21"]

1. d4 Nf6 2. c4 e6 3. Nc3 Bb4 4. e3 O-O 5. Ne2 Re8 6. a3 Bf8 7. Ng3 d5 8. Be2 b6
9. cxd5 exd5 10. O-O Bb7 11. b4 g6 12. Qb3 Nc6 13. Bf3 Ne7 14. a4 a5 15. b5 h5
16. Ba3 Bh6 17. h4 Qd7 18. e4 dxe4 19. Ngxe4 Nxe4 20. Nxe4 Bg7 21. d5 Bxd5 22.
Rad1 Bxb3 23. Rxd7 Nf5 24. Nd2 Be6 25. Rxc7 Rac8 26. Rfc1 Bh6 27. Rxc8 Bxc8 28.
Rc2 Nd4 29. Rc4 Bg7 30. Bd5 Be6 31. Bxe6 Rxe6 32. Kf1 Nf5 33. Nf3 Bf6 34. Ng5
Bxg5 35. hxg5 f6 36. Rc8+ Kf7 37. Rc7+ Ke8 38. gxf6 Rxf6 39. Ke2 Kd8 40. Rh7 Kc8
41. Kd3 Re6 42. g3 Re1 43. Bb2 Rd1+ 44. Ke2 1/2-1/2

[Event "Gibraltar Masters 2020"]
[Site "Caleta ENG"]
[Date "2020.01.27"]
[Round "7.73"]
[White "Rakshitta, Ravi"]
[Black "Sukandar, Irine Kharisma"]
[Result "0-1"]
[WhiteTitle "WIM"]
[BlackTitle "IM"]
[WhiteElo "2267"]
[BlackElo "2402"]
[WhiteFideId "25073230"]
[BlackFideId "7101937"]
[EventDate "2020.01.21"]

1. e4 c5 2. Nf3 e6 3. d4 cxd4 4. Nxd4 Nc6 5. Nc3 d6 6. g3 Nf6 7. Bg2 Bd7 8. O-O
Be7 9. Re1 O-O 10. Nxc6 Bxc6 11. a4 Qd7 12. a5 Rfc8 13. Bf4 b5 14. Nd5 Bxd5 15.
exd5 e5 16. Bd2 Qf5 17. f4 e4 18. Bc3 Rc4 19. Bf1 Rc5 20. Bd4 Qxd5 21. Bg2 Qc6
22. Bxc5 Qxc5+ 23. Kh1 d5 24. c3 h5 25. Qd4 Qc6 26. Re2 Bc5 27. Qd2 a6 28. Rd1
Ba7 29. h3 Rc8 30. Qe1 Qc7 31. Qf1 Rd8 32. Rc2 Bb8 33. Rf2 Qxa5 34. Rfd2 Qc7 35.
Re2 Qb6 36. Qf2 Qc7 37. Qd4 Re8 38. Rf1 Ba7 39. Qd1 Qc4 40. Rd2 a5 41. g4 hxg4
42. hxg4 g6 43. Bh3 b4 44. cxb4 axb4 45. Kg2 d4 46. g5 d3 47. Qe1 e3 48. Rxd3
Qc2+ 49. Kg3 Nh5+ 0-1

[Event "Gibraltar Masters 2020"]
[Site "Caleta ENG"]
[Date "2020.01.27"]
[Round "7.74"]
[White "Houska, Jovanka"]
[Black "Benmesbah, Natacha"]
[Result "1/2-1/2"]
[WhiteTitle "IM"]
[BlackTitle "WIM"]
[WhiteElo "2401"]
[BlackElo "2258"]
[WhiteFideId "405094"]
[BlackFideId "642002"]
[EventDate "2020.01.21"]

1. d4 Nf6 2. Nf3 e6 3. Bf4 c5 4. e3 d5 5. c3 Nc6 6. Nbd2 Bd6 7. Bg3 Qe7 8. Bb5
O-O 9. Qe2 a6 10. Bd3 e5 11. dxc5 Bxc5 12. e4 d4 13. Nc4 Bg4 14. Ncxe5 Nxe5 15.
Bxe5 Qxe5 16. Nxe5 Bxe2 17. Kxe2 dxc3 18. bxc3 Rfe8 19. f4 Bd6 20. Rhb1 Ra7 21.
a4 Bxe5 22. fxe5 Rxe5 23. Kf3 g6 24. Rb4 Nd7 25. Rd1 Rc5 26. Rb3 Ne5+ 27. Ke3
Nxd3 28. Rxd3 b5 29. Rd5 Rac7 30. axb5 axb5 31. Kd4 Rc4+ 32. Kd3 R4c5 33. Kd4
Rc4+ 34. Kd3 R4c5 35. h4 f5 36. Rd8+ Kf7 37. exf5 Rxf5 38. Rd4 1/2-1/2

[Event "Gibraltar Masters 2020"]
[Site "Caleta ENG"]
[Date "2020.01.27"]
[Round "7.75"]
[White "Hedman, Erik"]
[Black "Priyanka, Nutakki"]
[Result "1-0"]
[WhiteTitle "IM"]
[BlackTitle "WIM"]
[WhiteElo "2376"]
[BlackElo "2242"]
[WhiteFideId "1702351"]
[BlackFideId "25049615"]
[EventDate "2020.01.21"]

1. d4 d5 2. c4 e6 3. Nf3 Nf6 4. g3 Be7 5. Bg2 O-O 6. O-O dxc4 7. Ne5 Nc6 8. Bxc6
bxc6 9. Nxc6 Qe8 10. Nxe7+ Qxe7 11. Na3 Rd8 12. Qc2 c5 13. dxc5 Qxc5 14. Be3 Qh5
15. f3 Bb7 16. Nxc4 Rdc8 17. b3 Qh3 18. Bd4 e5 19. Bc3 Bd5 20. Nxe5 Nh5 21. Rf2
Nxg3 22. Qd3 Rxc3 23. Qxd5 Rac8 24. Rd1 Rc1 25. Qxf7+ Kh8 26. Qd5 Rxd1+ 27. Qxd1
Nf5 28. e4 Nd4 29. Rd2 Ne6 30. Rc2 Rf8 31. Qd7 Kg8 32. Rc8 1-0

[Event "Gibraltar Masters 2020"]
[Site "Caleta ENG"]
[Date "2020.01.27"]
[Round "7.76"]
[White "Weisbuch, Udi"]
[Black "Mieles Palau, Daniel"]
[Result "1/2-1/2"]
[WhiteTitle "FM"]
[BlackTitle "IM"]
[WhiteElo "2222"]
[BlackElo "2374"]
[WhiteFideId "2801302"]
[BlackFideId "3600467"]
[EventDate "2020.01.21"]

1. e4 c5 2. Nf3 Nc6 3. Bb5 g6 4. Bxc6 dxc6 5. d3 Bg7 6. h3 Qc7 7. Nc3 e5 8. Be3
b6 9. O-O Ne7 10. Nh2 Be6 11. Qe2 f5 12. f4 O-O 13. fxe5 Bxe5 14. Nf3 f4 15. d4
Bg7 16. Bf2 cxd4 17. Bxd4 Rad8 18. Rad1 h6 19. Bxg7 Kxg7 20. Rxd8 Rxd8 21. Rd1
Rxd1+ 22. Qxd1 Qd7 23. Nd4 c5 24. Nxe6+ Qxe6 25. Qd8 Qe5 26. Kf1 Kf7 27. Qd7 f3
28. gxf3 Qh2 29. Nd5 Qh1+ 30. Kf2 Qh2+ 31. Kf1 Qh1+ 32. Kf2 Qh2+ 1/2-1/2

[Event "Gibraltar Masters 2020"]
[Site "Caleta ENG"]
[Date "2020.01.27"]
[Round "7.77"]
[White "Fernandez, Maria Florencia"]
[Black "Salimova, Nurgyul"]
[Result "0-1"]
[WhiteTitle "WIM"]
[BlackTitle "IM"]
[WhiteElo "2227"]
[BlackElo "2372"]
[WhiteFideId "116459"]
[BlackFideId "2915138"]
[EventDate "2020.01.21"]

1. d4 Nf6 2. c4 e6 3. Nf3 d5 4. Nc3 c6 5. e3 Nbd7 6. Qc2 Bd6 7. b3 O-O 8. Be2 b6
9. O-O Bb7 10. Bb2 Qe7 11. Rad1 Rad8 12. Rfe1 Rfe8 13. Bd3 e5 14. e4 dxc4 15.
Bxc4 b5 16. Bf1 a6 17. g3 exd4 18. Nxd4 Bc5 19. Nf5 Qf8 20. Bg2 Ng4 21. Nd4 Ndf6
22. Nce2 Bb4 23. Rf1 c5 24. Nf5 g6 25. Nd6 Rxd6 26. Rxd6 Qxd6 27. e5 Qe7 28.
Bxb7 Qxb7 29. exf6 Qf3 30. Nf4 Be1 31. Nd3 Bxf2+ 32. Rxf2 Nxf2 33. Qxf2 Qxd3 0-1

[Event "Gibraltar Masters 2020"]
[Site "Caleta ENG"]
[Date "2020.01.27"]
[Round "7.78"]
[White "Pigott, John C"]
[Black "Wall, Tim P"]
[Result "1-0"]
[WhiteTitle "IM"]
[BlackTitle "FM"]
[WhiteElo "2370"]
[BlackElo "2218"]
[WhiteFideId "400459"]
[BlackFideId "401641"]
[EventDate "2020.01.21"]

1. d4 f5 2. c4 Nf6 3. Nc3 d6 4. Bg5 Nbd7 5. Qc2 g6 6. O-O-O Bg7 7. h4 h6 8. Bxf6
Nxf6 9. Nh3 Kf7 10. e3 c6 11. Nf4 Qa5 12. c5 d5 13. f3 h5 14. Kb1 Bh6 15. Nce2
b6 16. Nc1 bxc5 17. Nb3 Qc7 18. Qxc5 Bxf4 19. exf4 Qxf4 20. Qxc6 Bd7 21. Qa6
Rhb8 22. Nc5 Rb6 23. Qa5 Rab8 24. b3 Qc7 25. Ka1 Bc8 26. Nd3 Kg7 27. Rc1 Qd6 28.
Qxa7 Ba6 29. Nc5 Bb5 30. Bxb5 Rxb5 31. Rhe1 1-0

[Event "Gibraltar Masters 2020"]
[Site "Caleta ENG"]
[Date "2020.01.27"]
[Round "7.79"]
[White "Abrahamyan, Tatev"]
[Black "Cholleti, Sahajasri"]
[Result "1-0"]
[WhiteTitle "WGM"]
[BlackTitle "WFM"]
[WhiteElo "2363"]
[BlackElo "2202"]
[WhiteFideId "13301918"]
[BlackFideId "5045118"]
[EventDate "2020.01.21"]

1. e4 c5 2. Nf3 d6 3. d4 cxd4 4. Nxd4 Nf6 5. Nc3 a6 6. f3 e5 7. Nb3 Be6 8. Be3
h5 9. Qd2 Nbd7 10. O-O-O Rc8 11. Kb1 Be7 12. g3 b5 13. Nd5 Bxd5 14. exd5 Nb6 15.
Bxb6 Qxb6 16. Bh3 Rc4 17. Rhe1 O-O 18. Bf5 Bd8 19. f4 e4 20. Qg2 Re8 21. Nd2 Rd4
22. c3 Rxd5 23. Bxe4 Nxe4 24. Rxe4 Rxe4 25. Qxe4 Qc6 26. Re1 Bb6 27. Kc2 g6 28.
Nb3 Qc4 29. Qxc4 bxc4 30. Nd2 Rc5 31. Re8+ Kg7 32. Ra8 a5 33. Ra6 Bc7 34. Ne4
Rd5 35. Rc6 f5 36. Rxc7+ 1-0

[Event "Gibraltar Masters 2020"]
[Site "Caleta ENG"]
[Date "2020.01.27"]
[Round "7.80"]
[White "Beinoras, Mindaugas"]
[Black "Podetti, Davide"]
[Result "1-0"]
[WhiteTitle "IM"]
[WhiteElo "2355"]
[BlackElo "2187"]
[WhiteFideId "12802085"]
[BlackFideId "893617"]
[EventDate "2020.01.21"]

1. d4 Nf6 2. Bg5 Ne4 3. Bf4 d5 4. e3 c5 5. Bd3 cxd4 6. Bxe4 dxe4 7. Qxd4 Qxd4 8.
exd4 Nc6 9. Ne2 Bg4 10. Nbc3 e6 11. O-O-O Bb4 12. d5 exd5 13. Rxd5 Rd8 14. Rb5
b6 15. Ng3 Bxc3 16. bxc3 Be6 17. Nxe4 Bxa2 18. Nd6+ Kf8 19. Rd1 Be6 20. c4 Ke7
21. c5 bxc5 22. Rxc5 Nb8 23. Ra5 Rd7 24. c4 Rhd8 25. c5 Nc6 26. Ra4 a5 27. Rd2
Rb8 28. Rb2 Rxb2 29. Kxb2 Rd8 30. Nb7 Rd5 31. Be3 Ne5 32. h3 Bc8 33. Nd6 Kd8 34.
Kc3 Rd3+ 35. Kc2 Be6 36. Rxa5 Bb3+ 37. Kb2 Nc4+ 38. Nxc4 Bxc4 39. Ra8+ Kd7 40.
Rh8 Rb3+ 41. Kc1 Bd3 42. Rg8 Bg6 43. Kd2 Ke7 44. g4 Kf6 45. h4 Ke5 46. f4+ Ke4
47. Re8+ 1-0

[Event "Gibraltar Masters 2020"]
[Site "Caleta ENG"]
[Date "2020.01.27"]
[Round "7.81"]
[White "Baert, Andy"]
[Black "Barrish, Daniel"]
[Result "0-1"]
[WhiteTitle "FM"]
[BlackTitle "FM"]
[WhiteElo "2138"]
[BlackElo "2352"]
[WhiteFideId "200107"]
[BlackFideId "14304600"]
[EventDate "2020.01.21"]

1. Nf3 d5 2. d4 Nf6 3. c4 e6 4. Nc3 Bb4 5. Bg5 h6 6. Bxf6 Qxf6 7. Qa4+ Nc6 8. e3
O-O 9. Be2 dxc4 10. Bxc4 Bd7 11. Qb3 Qe7 12. Be2 Bd6 13. O-O e5 14. d5 Nd8 15.
Rac1 c5 16. Ne4 Bg4 17. Rfd1 b6 18. Qa4 Bxf3 19. Bxf3 Nb7 20. Ng3 g6 21. Qg4 Kh7
22. e4 b5 23. Be2 c4 24. b3 cxb3 25. axb3 a6 26. Rc6 Na5 27. Rc3 Bb4 28. Rcd3
Nb7 29. h4 Nd6 30. h5 a5 31. Rc1 a4 32. bxa4 bxa4 33. Bd1 a3 34. Bb3 Rfc8 35.
Rxc8 Rxc8 36. hxg6+ fxg6 37. Qe6 Rc1+ 38. Nf1 Nxe4 39. Qg4 Nd2 40. d6 Rxf1+ 41.
Kh2 Bxd6 42. Rxd2 e4+ 43. g3 h5 44. Qh3 Rb1 45. Bc2 a2 0-1